MARC details
| 000 -CABECERA |
| campo de control de longitud fija |
02445nam a2200361 a 4500 |
| 001 - NÚMERO DE CONTROL |
| campo de control |
BRCA_1956 |
| 005 - FECHA Y HORA DE LA ÚLTIMA TRANSACCIÓN |
| campo de control |
20190320203621.0 |
| 008 - DATOS DE LONGITUD FIJA--INFORMACIÓN GENERAL |
| campo de control de longitud fija |
890704m19881993sp-a---g#e---#000-0#spa-d |
| 020 ## - NÚMERO INTERNACIONAL ESTÁNDAR DEL LIBRO |
| Número Internacional Estándar del Libro |
8432089001 (Obra completa) |
| 020 ## - NÚMERO INTERNACIONAL ESTÁNDAR DEL LIBRO |
| Número Internacional Estándar del Libro |
843206680X (Obra completa) |
| 041 ## - CÓDIGO DE LENGUA |
| Código de lengua del texto/banda sonora o título independiente |
spa |
| 050 #4 - SIGNATURA TOPOGRÁFICA DE LA BIBLIOTECA DEL CONGRESO |
| Número de clasificación |
N5300 |
| Número de documento/Ítem |
.M55 1988 |
| 100 1# - ENTRADA PRINCIPAL--NOMBRE DE PERSONA |
| Nombre de persona |
Milicua, José |
| 9 (RLIN) |
6007 |
| 245 10 - MENCIÓN DE TÍTULO |
| Título |
Historia universal del arte. |
| Mención de responsabilidad, etc. |
José Milicua. |
| 260 ## - PUBLICACIÓN, DISTRIBUCIÓN, ETC. |
| Lugar de publicación, distribución, etc. |
Barcelona |
| Nombre del editor, distribuidor, etc. |
Planeta |
| Fecha de publicación, distribución, etc. |
1988-1989-1993 |
| 300 ## - DESCRIPCIÓN FÍSICA |
| Extensión |
11 v. |
| Otras características físicas |
il. a color |
| Dimensiones |
32 cm. |
| 504 ## - NOTA DE BIBLIOGRAFÍA, ETC. |
| Nota de bibliografía, etc. |
Incluye referencias bibliográficas |
| 505 0# - NOTA DE CONTENIDO CON FORMATO |
| Nota de contenido con formato |
Contenido : v.1. Las primeras civilizaciones : prehistoria, Egipto, próximo oriente / Joan Sureda (5a ed.). -- v.2. La antigüedad clásica : Grecia, Roma y el mundo mediterráneo / Xavier Barral I Altet (2a ed.). -- v.3. La edad media : Bizancio-Islam / Joan Sureda : De Roma al prerrománico / Xavier Barral Altel (2a ed.). -- v.4. La edad media : románico-gótico / Joan Sureda (4a ed.). -- v.5. El renacimiento I : el quattrocento italiano, la pintura flamenca (capítulo II) / Joan Sureda. La pintura flamenca(capítulo I) / José Milicua. -- v.6. Renacimiento(II) y manierismo : el cinquecento italiano / Jesús Hernández Perera. España y Portugal, Francia, países bajos e Inglaterra / Santiago Alcolea Gil. Alemania y países Germánicos / Joan Sureda. En los umbrales del barroco / José Milicua. -- v.7. Barroco y rococó / José Luis Morales y Marín (3a ed.). -- v.8. El siglo XIX / Erika Bornay (3a ed.). -- v.9. El siglo XX / Alícia Suàrez y Mercè Vidal (2a ed.). -- v.10. África, América y Asia : arte primitivo / Carmen Huera. América precolombina / Estela Ocampo. Extremo oriente / Luis Monreal y Tejeda (4a ed.). -- Últimas tendencias / Lourdes Cirlot |
| 650 14 - PUNTO DE ACCESO ADICIONAL DE MATERIA--TÉRMINO DE MATERIA |
| Término de materia o nombre geográfico como elemento de entrada |
Arte |
| Subdivisión general |
Historia |
| 9 (RLIN) |
6008 |
| 650 14 - PUNTO DE ACCESO ADICIONAL DE MATERIA--TÉRMINO DE MATERIA |
| Término de materia o nombre geográfico como elemento de entrada |
Arte antiguo |
| Subdivisión general |
Historia |
| 9 (RLIN) |
6009 |
| 650 14 - PUNTO DE ACCESO ADICIONAL DE MATERIA--TÉRMINO DE MATERIA |
| Término de materia o nombre geográfico como elemento de entrada |
Arte moderno |
| Subdivisión general |
Historia |
| Subdivisión cronológica |
Siglo XX |
| 9 (RLIN) |
5041 |
| 740 0# - PUNTO DE ACCESO ADICIONAL--TÍTULO RELACIONADO O ANALÍTICO NO CONTROLADO |
| Título relacionado o analítico no controlado |
Las primeras civilizaciones : prehistoria, Egipto, próximo oriente |
| 740 0# - PUNTO DE ACCESO ADICIONAL--TÍTULO RELACIONADO O ANALÍTICO NO CONTROLADO |
| Título relacionado o analítico no controlado |
La antigüedad clásica : Grecia, Roma y el mundo mediterráneo |
| 740 0# - PUNTO DE ACCESO ADICIONAL--TÍTULO RELACIONADO O ANALÍTICO NO CONTROLADO |
| Título relacionado o analítico no controlado |
La edad media : Bizancio, Islam, Románico-Gótico |
| 740 0# - PUNTO DE ACCESO ADICIONAL--TÍTULO RELACIONADO O ANALÍTICO NO CONTROLADO |
| Título relacionado o analítico no controlado |
El renacimiento : el quattrocento italiano, la pintura flamenca |
| 740 0# - PUNTO DE ACCESO ADICIONAL--TÍTULO RELACIONADO O ANALÍTICO NO CONTROLADO |
| Título relacionado o analítico no controlado |
Renacimiento y manierismo : el cinquecento italiano |
| 740 0# - PUNTO DE ACCESO ADICIONAL--TÍTULO RELACIONADO O ANALÍTICO NO CONTROLADO |
| Título relacionado o analítico no controlado |
Barroco y rococó |
| 740 0# - PUNTO DE ACCESO ADICIONAL--TÍTULO RELACIONADO O ANALÍTICO NO CONTROLADO |
| Título relacionado o analítico no controlado |
El siglo XIX |
| 740 0# - PUNTO DE ACCESO ADICIONAL--TÍTULO RELACIONADO O ANALÍTICO NO CONTROLADO |
| Título relacionado o analítico no controlado |
El siglo XX |
| 740 0# - PUNTO DE ACCESO ADICIONAL--TÍTULO RELACIONADO O ANALÍTICO NO CONTROLADO |
| Título relacionado o analítico no controlado |
África, América y Asia : arte primitivo |
| 902 ## - CATALOGADOR |
| Iniciales |
REF |
| 942 ## - ELEMENTOS DE PUNTO DE ACCESO ADICIONAL (KOHA) |
| Fuente del sistema de clasificación o colocación |
Library of Congress Classification |
| Tipo de ítem Koha |
Libros |